000 01220cam a2200457 4500
001 ABS61524
008 000000n1999 000 0 eng u
035 _a(Sirsi) u101950
245 _aRegional survey: Surrey and Sussex
260 _c1999
490 _aProperty Week
_v64(44) 12 November 1999, 54-88
590 _aABS
650 _aSURREY
650 _aSUSSEX
650 _aSOLICITORS
650 _aDELAYS
650 _aBRIGHTON
650 _aPROPERTY-COMMERCIAL PROPERTY-RETAIL PROPERTY-RETAIL PROPERTY MARKET
650 _aPROPERTY-COMMERCIAL PROPERTY-OFFICE PROPERTY-OFFICE PROPERTY MARKET
650 _aHEATHROW
650 _aRENTS
650 _aREDHILL
650 _aREIGATE
650 _aEPSOM
650 _aWOKING
650 _aGUILDFORD
650 _aCHERTSEY
650 _aWEYBRIDGE
650 _aCRAWLEY
650 _aGATWICK
650 _aPLANNING
650 _aHOVE
650 _aEASTBOURNE
650 _aWORTHING
650 _aPROPERTY-COMMERCIAL PROPERTY-RETAIL PROPERTY-RETAIL PROPERTY MARKET
650 _aCAMBERLEY
650 _aKINGSTON
650 _aLEATHERHEAD
690 _aPROPERTY-COMMERCIAL PROPERTY-COMMERCIAL PROPERTY MARKET
942 _n0
999 _c61044
_d61044